Yılanlı Hamam (Kayıt no. 1285109)

MARC ayrıntıları
000 -LEADER
sabit uzunluktaki kontrol alanı 00276nam a2200109Ia 4500
001 - KONTROL NUMARASI
kontrol alanı 1285109
005 - EN SON İŞLEMİN TARİH VE ZAMANI
kontrol alanı 20260417163757.0
008 - SABİT-UZUNLUKTA VERİ ÖĞELERİ--GENEL BİLGİ
sabit uzunluktaki kontrol alanı 260417s9999 xx 000 0 und d
020 ## - ULUSLARARASI STANDART KİTAP NUMARASI
Uluslararası Standart Kitap Numarası 9786052021811
245 #0 - ESER / YAZAR
ESER ADI Yılanlı Hamam
Yazar Adı Şükran Binark
260 ## - YAYIN, DAĞITIM, VB.
YAYIN EVİ Şule Yayınları
Mevcut
Düşüm durumu Kayıp durumu Hasar Durumu Ödünç verilmez Ana kütüphane Geçerli Kütüphane Edinilen tarih Toplam ödünç verme sayısı Barkod Son görüntüleme tarihi Fiyatın geçerli olmaya başladığı tarih Koha materyal türü
        ŞEHİT MESUT ESAT KAYA İLKOKULU ŞEHİT MESUT ESAT KAYA İLKOKULU 17.04.2026   11063347 17.04.2026 17.04.2026 Kitaplar
Gemini Bilgi Teknolojileri A.Ş. tarafından düzenlenmiştir.